1342 1986 1146 1558 1107 1346 1889 1504 1225 1545 1165 1688 1924 1712 1213 1191 1118 1989 1945 1705 1669 1073 1382 1259 1800 1814 1346 1926 1403 1828 1283 1172 1196 1666 1708 1192 1421 1936 1843 1410 1999 1608 1725 1614 1171 1745 1460 1856 1079 1797 1892 1164 1254 1116 1293 1740 1751 1637 1883 1604 1692 1508 1266 1808 1886 1132 1594 1090 1396 1946 1734 1982 1033 1960 1869 1970 1913 1712 1842 1525 1123 1505 1955 1565 1803 1039 1196 1021 1640 1145 1545 1068 1593 1637 1299 1162 1820 1140 1262 BCNSPRNW ULIB Ver.6.0+V

เปลี่ยนเป็นภาษาไทย

Change to English
 แสดงรายละเอียดบรรณานุกรม
  กลับหน้าหลัก

Brief Record : Get Marc (ISO 2709) : E-mail record : QR code < ปิดหน้าต่าง
LEADER : 00000nam 2200000uu 4500
001    13399114980
003     ULIB
008    120626s2552||||th 000 0 tha d
020    ^a9789745764002
090    ^aนว.^bส174น
098    ^aนว.^bส174น
100 0  ^aสเตเฟนี่ เมเยอร์
245 00 ^aนวจันทรา (New Moon)/^cสเตเฟนี่ เมเยอร์
250    ^aพิมพ์ครั้งที่ 8
260    ^aกรุงเทพฯ :^bปราชญ์เปรียว,^c2552
300    ^a509 หน้า
710 1  ^aปราชญ์เปรียว
945    ^p335^l0^i16311
995    ^aกัณชพร
999    ^aใช้งานได้ทุกระบบ
รายการนี้ยังไม่มีแท็ก
คุณยังไม่ได้ล็อกอิน คุณสามารถมีกิจกรรมร่วมกับเว็บไซต์ได้ แต่ต้องล็อกอินก่อน ::
  ล็อกอิน

รายการสื่อสารสนเทศ

ลำดับที่ ประเภท เลขเรียก/บาร์โค้ด สถานที่ สถานะ
1. วิทยาศาสตร์การแพทย์ และสุขภาพ
วิทยาศาสตร์การแพทย์ และสุขภาพ
นว. ส174น  
  Barcode: 16311
ห้องสมุดวิทยาเขตสวรรค์ประชารักษ์
►นวนิยาย
บนชั้น
  ขอยืม

รายการใกล้เคียง
    ผู้แต่ง [สเตเฟนี่ เมเยอร์]

BibComment


ยังไม่เคยถูกคอมเมนท์

คอมเมนท์ทรัพยากรรายการนี้
  คอมเมนท์: นวจันทรา New Moo..


 Copyright 2026. Bcnsprnw @Library